| 000 | 00417nam a22001217a 4500 | ||
|---|---|---|---|
| 082 | _a200 THE | ||
| 100 |
_aMUHAMMAD ARSLAN _928572 |
||
| 245 | _aTH-SOF-1650-Tool Health Monitoring in Machining Process using Acoustic Emission and Machine Learning Based Approach | ||
| 260 |
_aISLAMABAD _bNUST COLLEGE OF EME _c2019 |
||
| 650 | _aMS-MTS-86 MSTHESIS | ||
| 700 |
_aSupervisor DR. MAHMOOD ANWAR KHAN _969904 |
||
| 942 | _cCF | ||
| 999 |
_c576988 _d576988 |
||